Alle Fußballvereine aus Berlin in den Top 4 Ligen - Statistiken

Allgemein
  • Dieses Quiz wurde 40 mal gespielt
  • Das Durchschnittsergebnis liegt bei 5 aus 7
Antwortstatistiken
Liga Verein % Korrekt
Bundesliga 1. FC Union Berlin
100%
2. Bundesliga Hertha BSC Berlin
100%
Regionalliga Nordost Hertha BSC Berlin ll
100%
Regionalliga Nordost BFC Dynamo
63%
Regionalliga Nordost Hertha Zehlendorf
55%
Regionalliga Nordost VSG Altglienicke
45%
Regionalliga Nordost BFC Preussen
34%
Keine übereinstimmenden Quizze gefunden
Verteilung der Resultate
Anzahl Personen mit jedem Resultat
Perzentil nach korrekt beantworteten Fragen
Ihre Resultats-Entwicklung
Sie haben dieses Quiz noch nicht gespielt